Statistiche per Primi 15 paesi interessati da Covid-19 - 12 maggio

Clicka qui per fare il quiz!

Statistiche generali

  • Questo quiz è stato fatto 3 volte
  • Il punteggio medio è 14 su 24

Statistiche sulle risposte

nazione% Corretto
Brasile
100%
Cina
100%
Francia
100%
Russia
100%
Spagna
100%
Stati Uniti
100%
Germania
67%
India
67%
Irlanda
67%
Italia
67%
Portogallo
67%
Regno Unito
67%
Svezia
67%
Svizzera
67%
Turchia
67%
Belgio
33%
Canada
33%
Iran
33%
Paesi Bassi
33%
Perù
33%
Bahrain
0%
Bielorussia
0%
Qatar
0%
Singapore
0%

Distribuzione punteggi

Percentile per numero di risposta

Percentuale di utenti per punteggio

I tuoi punteggi nel tempo

Non hai fatto questo quiz